000 00961cam a22002651 4500
001 he 64000110
003 DLC
005 20260227111424.0
008 790419s1963 ag ach 000 0 yid
010 _ahe 64000110
035 _a(OCoLC)10244143
040 _aDLC
_cRPB
_dDLC
042 _apremarc
050 0 0 _aPJ5129.R2
_bM43 1963
100 0 _aSholem Aleichem,
_d1859-1916.
245 1 0 _aMenaḥem-Mendl
_c[fun] Shalom Aleikhem. [Araynfir und red. fun Samuel Rozshanski]
260 _aBuenos-Aires,
_bYosef Lifshits-fond fun der literatur-gezelshaft beim Yivo
_c[1963]
300 _a266 [3] p.
_billus., facsims., ports.
_c19 cm.
440 0 _aMusterverk fun der yidisher literatur,
_v17
500 _aAdded t. p. in Spanish.
500 _a"Tsu der kharakteristik fun Shalom Aleikhem leben un shafen": p. [213-269]
500 _aIncludes unacc. melodies.
500 _aAdded t.p.: Menachem Mendl.
700 1 _aRozshansḳi, Shemuʼel,
_d1902-
_eed.
999 _c30614
_d30614